| 000 | 00735nam a22002177a 4500 | ||
|---|---|---|---|
| 999 |
_c316 _d316 |
||
| 003 | AR-CdUCM | ||
| 008 | 190222b ||||| |||| 00| 0 s d | ||
| 020 | _a8470760033 | ||
| 040 |
_aMUNICIPALIDAD PROVINCIAL DEL CUSCO _cBIBLIOTECA MUNICIPAL DEL CUSCO |
||
| 082 |
_a858.8 / _bSA164 |
||
| 100 |
_aSalgari, Emilio _9800 |
||
| 245 | _aLa Perla del Río Rojo / | ||
| 260 |
_aMadrid : _bGahe, _c1975. |
||
| 300 |
_a159 paginas ; _b7 Ilustraciones. _c20 cm. |
||
| 505 | _aLa pagoda del espíritu marino -- El encuentro -- El naufragio -- El orangután -- Combate feroz... | ||
| 650 |
_aRelampago deslumbrador _91285 |
||
| 650 |
_aOrillas del rio _91286 |
||
| 650 |
_aAlgas marinas _91287 |
||
| 942 |
_2ddc _cLIBROS |
||
| 945 |
_awnts _d2019-02-22 |
||